[Event "Sparkassen-Open A"]
[Site "Heusenstamm, Martinsee"]
[Date "2017.11.25"]
[Round "5.55"]
[White "Berberich, Christoph"]
[Black "Köllner, Christof"]
[Result "0-1"]
[WhiteElo "1958"]
[BlackElo "2099"]
[PlyCount "125"]
[EventDate "2017.??.??"]
[WhiteTeam "SGEM Dreisamtal"]
[BlackTeam "SV Bergneustadt/Derschlag"]

1. d4 d6 2. Nf3 Nf6 3. c4 g6 4. Nc3 Bf5 5. Qb3 Qc8 6. g3 Nc6 7. d5 Nb8 8. Nd4
Bd7 9. Bg2 Na6 10. Qd1 Bg7 11. O-O O-O 12. Rb1 c5 13. dxc6 bxc6 14. Qa4 c5 15.
Nc6 Re8 16. Nd5 Kf8 17. Ncxe7 Rxe7 18. Nxe7 Kxe7 19. Qd1 Bc6 20. Bf4 Qd7 21.
Qd3 Bxg2 22. Kxg2 Nb4 23. Qe3+ Qe6 24. Qf3 Qe4 25. Rfd1 Rd8 26. Bg5 Qxf3+ 27.
Kxf3 h6 28. Bd2 Nc6 29. Bc3 Ne8 30. Bxg7 Nxg7 31. Kg2 Ne5 32. b4 Ne6 33. bxc5
Nxc5 34. Rb4 a5 35. Rb5 a4 36. Rc1 Kd7 37. f4 Nc6 38. Rd1 Kc7 39. g4 Re8 40.
Kf3 f5 41. gxf5 gxf5 42. Rd5 Re4 43. e3 Rxc4 44. Rxf5 Rc2 45. Rf7+ Nd7 46. Rh5
Rxa2 47. Rxh6 Rb2 48. Rhh7 Ncb8 49. Rf5 a3 50. Ra5 a2 51. f5 Kb6 52. Ra3 Ne5+
53. Ke4 Kc6 54. f6 Nbd7 55. Rh8 Nxf6+ 56. Kf5 Nd5 57. Rha8 Rf2+ 58. Ke4 Nb4 59.
h4 Nc4 60. Rc8+ Kb5 61. Rb8+ Nb6 62. h5 d5+ 63. Ke5 0-1

[Event "Sparkassen-Open A"]
[Site "Heusenstamm, Martinsee"]
[Date "2017.11.25"]
[Round "5.56"]
[White "Schindelmeiser, Frank"]
[Black "Rondonuwu, Grover"]
[Result "1/2-1/2"]
[WhiteElo "1944"]
[BlackElo "2098"]
[PlyCount "95"]
[EventDate "2017.??.??"]
[WhiteTeam "SV Oberursel"]
[BlackTeam "Frankfurter TV"]

1. c4 c5 2. g3 g6 3. Nc3 Bg7 4. Bg2 Nc6 5. e3 e5 6. Nge2 Nge7 7. O-O O-O 8. b3
d6 9. Bb2 Be6 10. h3 f5 11. f4 e4 12. Na4 Bxb2 13. Nxb2 d5 14. d4 cxd4 15. Nxd4
Nxd4 16. Qxd4 dxc4 17. Qe5 Qd5 18. Nxc4 Qxe5 19. Nxe5 Nd5 20. Kf2 Rac8 21. Rfc1
Nb4 22. Bf1 Nc2 23. Bc4 Rxc4 24. bxc4 Nxa1 25. Rxa1 Rc8 26. Rb1 b6 27. Rb4 Kg7
28. h4 Kf6 29. Ke2 h6 30. Kf2 g5 31. Ke2 Rc5 32. a4 Rc8 33. Ke1 gxh4 34. gxh4
Bf7 35. Kf2 Be8 36. Rb1 Rd8 37. Ke1 Rc8 38. Rd1 Ke6 39. Kf2 Rc5 40. Rd8 Ke7 41.
Rb8 Ra5 42. Rb7+ Kf8 43. Rh7 h5 44. Rh8+ Ke7 45. Rh7+ Kd8 46. Nf7+ Bxf7 47.
Rxf7 Ke8 48. Rh7 1/2-1/2

[Event "Sparkassen-Open A"]
[Site "Heusenstamm, Martinsee"]
[Date "2017.11.25"]
[Round "5.57"]
[White "Mehringer, Jörg"]
[Black "Karimi, Farhad"]
[Result "1/2-1/2"]
[WhiteElo "1927"]
[BlackElo "2097"]
[PlyCount "149"]
[EventDate "2017.??.??"]
[WhiteTeam "Schachpinguine Berlin"]
[BlackTeam "Satranç Club"]

1. e4 c6 2. d4 d5 3. e5 c5 4. dxc5 e6 5. Be3 Nc6 6. Bb5 Bd7 7. Bxc6 Bxc6 8. Nf3
Ne7 9. c3 Nf5 10. Bd4 h5 11. Na3 g5 12. h3 Rg8 13. g4 hxg4 14. hxg4 Nh4 15.
Nxh4 Rh8 16. Qe2 gxh4 17. Nb5 Bxb5 18. Qxb5+ Qd7 19. Qxd7+ Kxd7 20. Rh3 Kc6 21.
Ke2 Be7 22. Rah1 Rag8 23. f3 Rg7 24. b4 Kb5 25. Kd3 Ka4 26. Rg1 Rc8 27. f4 a5
28. bxa5 Bxc5 29. Rxh4 Bxd4 30. cxd4 Kxa5 31. g5 b5 32. Rgh1 Rgg8 33. Rh7 Rgf8
34. R1h6 Kb4 35. Rh3 Ra8 36. Rh2 Ra3+ 37. Kc2 Rxa2+ 38. Kb1 Rxh2 39. Rxh2 Kc3
40. Rh6 b4 41. Rf6 Rh8 42. Rh6 Rf8 43. Rf6 b3 44. f5 Rh8 45. Rh6 Rg8 46. fxe6
fxe6 47. Rxe6 Rxg5 48. Rc6+ Kxd4 49. e6 Rg2 50. Rb6 Kc4 51. e7 Re2 52. Rc6+ Kb5
53. Rc7 d4 54. Rb7+ Kc4 55. Rc7+ Kd3 56. Rb7 Kc3 57. Rc7+ Kd2 58. Kb2 d3 59.
Kxb3 Re6 60. Rd7 Re4 61. Kb2 Ke2 62. Kc3 Re3 63. Kb2 Kd2 64. Kb1 Re6 65. Kb2
Rb6+ 66. Ka3 Ra6+ 67. Kb3 Re6 68. Kb2 Re3 69. Kb1 Ke2 70. Kb2 Re6 71. Kc3 Rc6+
72. Kb2 Re6 73. Kc3 Re3 74. Kb2 Kd2 75. Kb1 1/2-1/2

[Event "Sparkassen-Open A"]
[Site "Heusenstamm, Martinsee"]
[Date "2017.11.25"]
[Round "5.58"]
[White "Thomas, Ingo"]
[Black "Junker, Christian"]
[Result "1/2-1/2"]
[WhiteElo "2095"]
[BlackElo "1952"]
[PlyCount "53"]
[EventDate "2017.??.??"]
[WhiteTeam "Krefelder SK Turm"]
[BlackTeam "SV Neu-Isenburg"]

1. e4 e5 2. Nf3 Nf6 3. Nxe5 d6 4. Nf3 Nxe4 5. Nc3 Nf6 6. d4 g6 7. Bd3 Bg7 8. h3
Nbd7 9. O-O O-O 10. Bg5 h6 11. Bf4 Nb6 12. Qd2 Kh7 13. Bh2 Nbd5 14. Ne2 Ne7 15.
Ng3 Kh8 16. c4 g5 17. Bc2 Ng6 18. Nf5 g4 19. hxg4 Nxg4 20. Bg3 Qf6 21. Nxg7
Kxg7 22. Rfe1 Bd7 23. Re2 b6 24. Rae1 Rfe8 25. Qd3 Rxe2 26. Rxe2 h5 27. Qd2
1/2-1/2

[Event "Sparkassen-Open A"]
[Site "Heusenstamm, Martinsee"]
[Date "2017.11.25"]
[Round "5.59"]
[White "Herlan, Klaus-Jürgen"]
[Black "Konik, Michael"]
[Result "1/2-1/2"]
[WhiteElo "1931"]
[BlackElo "2085"]
[PlyCount "47"]
[EventDate "2017.??.??"]
[WhiteTeam "SK Marmstorf"]
[BlackTeam "SK Mainaschaff"]

1. d4 d5 2. Nf3 Nf6 3. e3 Nbd7 4. Bd3 e6 5. O-O Bd6 6. Nbd2 O-O 7. Re1 e5 8. e4
dxe4 9. Nxe4 Nxe4 10. Rxe4 exd4 11. Rh4 g6 12. Bg5 Be7 13. Qd2 Bf6 14. Rxd4
Bxg5 15. Nxg5 Qf6 16. Bc4 Ne5 17. Ne4 Qg7 18. Bb3 Nc6 19. Rd3 Bf5 20. Re1 Rae8
21. Rde3 Bxe4 22. Rxe4 Rxe4 23. Rxe4 Rd8 24. Qxd8+ 1/2-1/2

[Event "Sparkassen-Open A"]
[Site "Heusenstamm, Martinsee"]
[Date "2017.11.25"]
[Round "5.61"]
[White "Schnelting, Michael"]
[Black "Köllner, Aaron Noah"]
[Result "1/2-1/2"]
[WhiteElo "2075"]
[BlackElo "1935"]
[PlyCount "55"]
[EventDate "2017.??.??"]
[WhiteTeam "SK Werne"]
[BlackTeam "SV Bergneustadt/Derschlag"]

1. g3 e5 2. c4 Bc5 3. Bg2 d6 4. e3 Nc6 5. Nc3 a6 6. Nge2 Ba7 7. b3 Bf5 8. d3
Qd7 9. Nd5 Nd8 10. h3 h5 11. Bb2 c6 12. Ndc3 Ne6 13. Qd2 h4 14. g4 Bh7 15.
O-O-O Nc5 16. Ne4 Nxe4 17. Bxe4 Bxe4 18. dxe4 O-O-O 19. Kb1 Ne7 20. Qc2 Qc7 21.
Nc3 g5 22. Qe2 Ng6 23. Rd2 Qe7 24. Qf3 Rd7 25. Rhd1 Rhd8 26. Qf5 Kb8 27. Ba3
Nf8 28. Bb4 1/2-1/2

[Event "Sparkassen-Open A"]
[Site "Heusenstamm, Martinsee"]
[Date "2017.11.25"]
[Round "5.62"]
[White "Kornitzky, Tino"]
[Black "Hess, Steffen"]
[Result "0-1"]
[WhiteElo "1922"]
[BlackElo "2027"]
[PlyCount "80"]
[EventDate "2017.??.??"]
[WhiteTeam "SC Erlangen"]
[BlackTeam "SC Groß-Zimmern"]

1. d4 Nf6 2. c4 g6 3. Nc3 Bg7 4. e4 d6 5. Nf3 O-O 6. Be2 e5 7. d5 a5 8. Bg5 Na6
9. Nd2 Qe8 10. O-O Nd7 11. f3 f5 12. Be3 f4 13. Bf2 g5 14. a3 Rf6 15. b4 Rh6
16. Re1 Nf6 17. c5 Rg6 18. Nc4 Bf8 19. Qb3 g4 20. b5 gxf3 21. Bxf3 Nxc5 22.
Bxc5 dxc5 23. b6 a4 24. Qa2 Ra6 25. bxc7 b5 26. Nxb5 Qxb5 27. Nxe5 Rh6 28. Be2
c4 29. Bxc4 Bc5+ 30. Kf1 Qe8 31. d6+ Kg7 32. Nf3 Rxd6 33. e5 Ng4 34. exd6 Ne3+
35. Rxe3 fxe3 36. Qb2+ Rf6 37. Rd1 e2+ 38. Bxe2 Qe3 39. Bb5 Qg1+ 40. Ke2 Qxg2+
0-1

[Event "Sparkassen-Open A"]
[Site "Heusenstamm, Martinsee"]
[Date "2017.11.25"]
[Round "5.63"]
[White "Lotz, Ralf"]
[Black "Eichner, Christian"]
[Result "0-1"]
[WhiteElo "1910"]
[BlackElo "2064"]
[PlyCount "110"]
[EventDate "2017.??.??"]
[WhiteTeam "SC Obertshausen"]
[BlackTeam "SV TuR Dresden"]

1. d4 Nf6 2. Nf3 g6 3. g3 Bg7 4. Bg2 O-O 5. O-O d5 6. b3 c5 7. Bb2 Ne4 8. Nbd2
Nc6 9. e3 Bg4 10. h3 Nxd2 11. Qxd2 Bxf3 12. Bxf3 cxd4 13. exd4 e6 14. Bg2 Qb6
15. c3 Qa5 16. Rfd1 Rac8 17. g4 h6 18. Qe3 Kh7 19. f4 Qd8 20. Rf1 Qh4 21. Rae1
Rfe8 22. Qf2 Qxf2+ 23. Rxf2 h5 24. Rfe2 hxg4 25. hxg4 Ne7 26. Kf2 Rh8 27. Rh1+
Kg8 28. Rxh8+ Kxh8 29. Re3 Kg8 30. Bh3 Bh6 31. g5 Bf8 32. Ke2 Nf5 33. Bxf5 gxf5
34. Kd3 Bd6 35. Rf3 b5 36. Bc1 Kg7 37. Rh3 a5 38. Bd2 a4 39. b4 Rh8 40. Rxh8
Kxh8 41. Ke3 Kg7 42. Kf3 Kg6 43. Kg3 Kh5 44. Be3 Be7 45. Bd2 f6 46. gxf6 Bxf6
47. a3 Be7 48. Kf3 Kh4 49. Be1+ Kh3 50. Bd2 Bh4 51. Bc1 Kh2 52. Bd2 Kg1 53. Ke2
Kg2 54. Bc1 Be7 55. Be3 Bd6 0-1

[Event "Sparkassen-Open A"]
[Site "Heusenstamm, Martinsee"]
[Date "2017.11.25"]
[Round "5.64"]
[White "Petiko, Nikolai"]
[Black "Bethke, Robert"]
[Result "1-0"]
[WhiteElo "2064"]
[BlackElo "1929"]
[PlyCount "67"]
[EventDate "2017.??.??"]
[WhiteTeam "SV Breitenworbis"]
[BlackTeam "SF Neuberg"]

1. d4 d5 2. Nf3 Nf6 3. e3 e6 4. Bd3 Be7 5. O-O O-O 6. b3 b6 7. Bb2 Bb7 8. Ne5
Nbd7 9. f4 c5 10. Nd2 Ne4 11. Nxe4 dxe4 12. Bc4 Nxe5 13. fxe5 Bd5 14. Ba6 Qc7
15. c4 Bb7 16. Bxb7 Qxb7 17. d5 Rad8 18. d6 Bg5 19. Qe2 Rd7 20. Rae1 a6 21. Qh5
Bd8 22. Qg4 b5 23. cxb5 axb5 24. Rf4 Qa8 25. a3 Qd5 26. b4 cxb4 27. axb4 Qd2
28. Re2 Qxb4 29. Rxe4 Qc5 30. Rf4 Kh8 31. Qxe6 Ra7 32. Qb3 Ra4 33. Rxa4 bxa4
34. Qxa4 1-0

[Event "Sparkassen-Open A"]
[Site "Heusenstamm, Martinsee"]
[Date "2017.11.25"]
[Round "5.65"]
[White "Müdder, Melanie"]
[Black "Reinhard, Stefan"]
[Result "1-0"]
[WhiteElo "1737"]
[BlackElo "2064"]
[PlyCount "87"]
[EventDate "2017.??.??"]
[WhiteTeam "SG Solingen"]
[BlackTeam "SF Dettingen"]

1. e4 e5 2. Nf3 d6 3. d4 exd4 4. Nxd4 Nf6 5. Nc3 Be7 6. Bc4 Nc6 7. Nxc6 bxc6 8.
O-O O-O 9. Re1 Nd7 10. Bf4 Bf6 11. Qd2 Be5 12. Rad1 Qh4 13. Bg3 Qf6 14. Re3 Nc5
15. Bxe5 Qxe5 16. Qe2 Be6 17. b4 Bxc4 18. Qxc4 Qe6 19. Qe2 Nd7 20. Qh5 g6 21.
Qa5 Nb6 22. Qg5 f6 23. Qh6 Rae8 24. Rg3 Rf7 25. Ne2 Qxe4 26. Re3 Qxe3 27. fxe3
Nd5 28. c3 Nxe3 29. Rd3 Nf5 30. Qd2 Rfe7 31. Ng3 Ne3 32. Nf1 Nd5 33. c4 Re2 34.
Qd1 Nxb4 35. Re3 R8xe3 36. Nxe3 Rxa2 37. c5 dxc5 38. Qd8+ Kg7 39. Qxc7+ Kg8 40.
Qd8+ Kg7 41. Qe7+ Kg8 42. Ng4 Ra1+ 43. Kf2 Nd3+ 44. Kg3 1-0

[Event "Sparkassen-Open A"]
[Site "Heusenstamm, Martinsee"]
[Date "2017.11.25"]
[Round "5.66"]
[White "Weiss, Matthias"]
[Black "Iliev, Mustafa Batuhan"]
[Result "1/2-1/2"]
[WhiteElo "2063"]
[BlackElo "1808"]
[PlyCount "36"]
[EventDate "2017.??.??"]
[WhiteTeam "SF Schöneck"]
[BlackTeam "SV Großauheim"]

1. e4 c5 2. Nf3 e6 3. c3 d5 4. exd5 Qxd5 5. d4 Nf6 6. Na3 Nc6 7. Be2 a6 8. Nc4
Qd8 9. dxc5 Qxd1+ 10. Bxd1 Bxc5 11. O-O Nd5 12. Re1 b5 13. Nce5 Nxe5 14. Nxe5
O-O 15. Bf3 Rd8 16. Nd3 Be7 17. Nf4 Bb7 18. c4 Nxf4 1/2-1/2

[Event "Sparkassen-Open A"]
[Site "Heusenstamm, Martinsee"]
[Date "2017.11.25"]
[Round "5.67"]
[White "Pfeffer, Marko"]
[Black "Wüstehube, Harry"]
[Result "1-0"]
[WhiteElo "2039"]
[BlackElo "1923"]
[PlyCount "57"]
[EventDate "2017.??.??"]
[WhiteTeam "SC Bergen-Enkheim"]
[BlackTeam "Kasseler SK"]

1. e4 d6 2. Nf3 Nf6 3. d3 g6 4. Be2 Bg7 5. h3 O-O 6. O-O e5 7. c3 b6 8. a4 a5
9. Na3 Nbd7 10. Nc4 Bb7 11. Qc2 Re8 12. Nh2 d5 13. exd5 Bxd5 14. Bg5 Qc8 15.
Ne3 Bc6 16. d4 Be4 17. Qb3 h6 18. Bh4 g5 19. Bg3 Bg6 20. Rfd1 Nh5 21. Nhf1 Nxg3
22. Nxg3 Nf8 23. Bc4 exd4 24. cxd4 Ne6 25. Ngf5 Qd7 26. Nxg7 Kxg7 27. Qc3 Kh7
28. Ng4 Qe7 29. d5 1-0

[Event "Sparkassen-Open A"]
[Site "Heusenstamm, Martinsee"]
[Date "2017.11.25"]
[Round "5.68"]
[White "Kuhn, Gerhard"]
[Black "Hochmuth, Christian"]
[Result "1/2-1/2"]
[WhiteElo "2035"]
[BlackElo "1911"]
[PlyCount "67"]
[EventDate "2017.??.??"]
[WhiteTeam "SK Marburg"]
[BlackTeam "SG Wächtersbach"]

1. d4 Nf6 2. Nf3 g6 3. e3 Bg7 4. Nbd2 d5 5. b3 O-O 6. Bb2 Bg4 7. Be2 Nbd7 8.
O-O Re8 9. c4 c6 10. Re1 Bxf3 11. Nxf3 Ne4 12. Bd3 f5 13. Qc2 e6 14. Ne5 Nxe5
15. dxe5 Nc5 16. Bf1 Nd7 17. f4 g5 18. b4 gxf4 19. exf4 Qb6+ 20. Qf2 Qxb4 21.
Bd4 b6 22. cxd5 cxd5 23. Rab1 Qe7 24. Rec1 Rac8 25. Ba6 Rxc1+ 26. Rxc1 Qa3 27.
Qf1 Nc5 28. Bb5 Rb8 29. Rc2 Bf8 30. Qb1 a6 31. Be2 Qa4 32. Qb2 Qe8 33. Kf1 Be7
34. Qc3 1/2-1/2

[Event "Sparkassen-Open A"]
[Site "Heusenstamm, Martinsee"]
[Date "2017.11.25"]
[Round "5.69"]
[White "Schweizer, Manfred"]
[Black "Besancon, Pascal"]
[Result "1-0"]
[WhiteElo "2032"]
[BlackElo "1691"]
[PlyCount "57"]
[EventDate "2017.??.??"]
[WhiteTeam "Post-SV Memmingen"]
[BlackTeam "SK Weida"]

1. g3 d6 2. Bg2 Nf6 3. d4 Nbd7 4. e4 c5 5. Ne2 cxd4 6. Nxd4 g6 7. Nc3 Bg7 8.
O-O a6 9. Be3 Nc5 10. h3 Qc7 11. a4 Rb8 12. a5 Bd7 13. Qd2 h5 14. Nd5 Qd8 15.
f3 Bc6 16. Nxc6 bxc6 17. Nb6 Nfd7 18. Bd4 e5 19. Nxd7 Nxd7 20. Bc3 Qc7 21. Rfd1
Ke7 22. Bf1 h4 23. g4 Nc5 24. Bb4 Rhd8 25. Bc4 Qa7 26. Kg2 d5 27. exd5 cxd5 28.
Bxd5 Rxd5 29. Qxd5 1-0

[Event "Sparkassen-Open A"]
[Site "Heusenstamm, Martinsee"]
[Date "2017.11.25"]
[Round "5.70"]
[White "Hahn, Florian"]
[Black "Sauer, Bernd"]
[Result "1-0"]
[WhiteElo "2141"]
[BlackElo "1862"]
[PlyCount "43"]
[EventDate "2017.??.??"]
[WhiteTeam "SC Herborn"]
[BlackTeam "SF Essen-Katernberg"]

1. Nf3 d5 2. g3 Nf6 3. Bg2 e6 4. c4 Be7 5. O-O O-O 6. b3 b6 7. Bb2 Bb7 8. e3
Nbd7 9. Nc3 c5 10. Qe2 dxc4 11. bxc4 Ne4 12. Nxe4 Bxe4 13. d4 Qc7 14. Rfd1 Nf6
15. Ne5 Bxg2 16. Kxg2 Rfd8 17. Qf3 Rac8 18. d5 exd5 19. cxd5 Bf8 20. Ng4 Nd7
21. Nh6+ Kh8 22. Qxf7 1-0

[Event "Sparkassen-Open A"]
[Site "Heusenstamm, Martinsee"]
[Date "2017.11.25"]
[Round "5.71"]
[White "Müdder, Rafael"]
[Black "Rieger, Mario"]
[Result "0-1"]
[WhiteElo "2067"]
[BlackElo "1897"]
[PlyCount "68"]
[EventDate "2017.??.??"]
[WhiteTeam "SG Solingen"]
[BlackTeam "MS Halver-Schalksmühle"]

1. e4 c6 2. Nf3 d5 3. exd5 cxd5 4. Ne5 Nf6 5. d4 Nc6 6. c3 Qb6 7. Bd3 g6 8. O-O
Bg7 9. f4 O-O 10. Nd2 Nxe5 11. fxe5 Ng4 12. Qb3 Bxe5 13. Qxb6 Bxh2+ 14. Kh1
axb6 15. Nf3 Bg3 16. Kg1 Bd7 17. Be2 Bf5 18. Bb5 Be4 19. Ng5 h6 20. Nxe4 dxe4
21. Be2 h5 22. Bg5 f6 23. Bd2 Kg7 24. c4 Nh6 25. Bc3 Nf5 26. d5 Bd6 27. b4 Ng3
28. Rfe1 Rfc8 29. c5 bxc5 30. b5 Ra3 31. Bd2 Nxe2+ 32. Rxe2 Rd3 33. Rd1 f5 34.
Kf2 c4 0-1

[Event "Sparkassen-Open A"]
[Site "Heusenstamm, Martinsee"]
[Date "2017.11.25"]
[Round "5.72"]
[White "Reinecke, Katharina"]
[Black "Diehm, Alexander"]
[Result "1/2-1/2"]
[WhiteElo "1888"]
[BlackElo "2039"]
[PlyCount "43"]
[EventDate "2017.??.??"]
[WhiteTeam "SK Langen"]
[BlackTeam "SC FK Babenhausen"]

1. d4 d5 2. c4 c6 3. Nf3 e6 4. b3 f5 5. g3 Nf6 6. Bg2 Bd6 7. O-O O-O 8. Ba3
Bxa3 9. Nxa3 Bd7 10. Nc2 Be8 11. Nce1 Nbd7 12. Nd3 Bh5 13. Nfe5 Qe7 14. Qc2 Ne4
15. Nxd7 Qxd7 16. Ne5 Qe7 17. Rab1 Qb4 18. Ra1 Qd6 19. c5 Qc7 20. b4 Rfc8 21.
Rfb1 Be8 22. a4 1/2-1/2

[Event "Sparkassen-Open A"]
[Site "Heusenstamm, Martinsee"]
[Date "2017.11.25"]
[Round "5.73"]
[White "Krastev, Alexander"]
[Black "Reinhold, Günther"]
[Result "1/2-1/2"]
[WhiteElo "2027"]
[BlackElo "1861"]
[PlyCount "59"]
[EventDate "2017.??.??"]
[WhiteTeam "Biebertaler SF"]
[BlackTeam "Frankfurter TV"]

1. e4 c5 2. Nc3 e6 3. Nf3 a6 4. g3 Nc6 5. d4 cxd4 6. Nxd4 Qc7 7. Bg2 Bc5 8. Nb3
Be7 9. O-O d6 10. f4 b5 11. Be3 Bb7 12. a3 Nf6 13. Kh1 O-O 14. g4 Nd7 15. g5
Nc5 16. Rf3 Nxb3 17. cxb3 f5 18. Rh3 g6 19. Rc1 Qd7 20. Qe1 Na5 21. Na4 bxa4
22. Qxa5 Rac8 23. exf5 Rxc1+ 24. Bxc1 Bxg2+ 25. Kxg2 Qc6+ 26. Rf3 Qxc1 27. f6
Bxf6 28. gxf6 Qxb2+ 29. Kg3 Qxf6 30. Qxa4 1/2-1/2

[Event "Sparkassen-Open A"]
[Site "Heusenstamm, Martinsee"]
[Date "2017.11.25"]
[Round "5.74"]
[White "Kirchner, Markus"]
[Black "Rödiger, Thomas"]
[Result "1/2-1/2"]
[WhiteElo "1849"]
[BlackElo "2006"]
[PlyCount "45"]
[EventDate "2017.??.??"]
[WhiteTeam "SF Schöneck"]
[BlackTeam "SC Bad Soden"]

1. e4 c5 2. Nf3 d6 3. d4 cxd4 4. Nxd4 Nf6 5. f3 a6 6. c4 g6 7. Nc3 Bg7 8. Be3
Nc6 9. Be2 Nxd4 10. Bxd4 Bd7 11. O-O O-O 12. Qd2 Bc6 13. b4 Ne8 14. Be3 Nc7 15.
Rab1 b5 16. Rfc1 bxc4 17. Bxc4 Qd7 18. a4 Rfb8 19. a5 Rc8 20. Bb6 Nb5 21. Bxb5
Bxb5 22. Nd5 Bc6 23. Nc3 1/2-1/2

[Event "Sparkassen-Open A"]
[Site "Heusenstamm, Martinsee"]
[Date "2017.11.25"]
[Round "5.75"]
[White "Engel, Jan"]
[Black "Rettig, Helge"]
[Result "0-1"]
[WhiteElo "1830"]
[BlackElo "2005"]
[PlyCount "66"]
[EventDate "2017.??.??"]
[WhiteTeam "Frankfurter TV"]
[BlackTeam "SF Verl"]

1. e4 c6 2. d4 d5 3. e5 Bf5 4. Nf3 e6 5. Be2 c5 6. Be3 Qb6 7. Nc3 Qxb2 8. Qb1
Qb6 9. O-O c4 10. Qxb6 axb6 11. Rfb1 Nd7 12. Nb5 Kd8 13. Bd1 Nh6 14. a4 Bg4 15.
h3 Bxf3 16. Bxf3 Nf5 17. Bd2 h5 18. g3 Be7 19. Bg2 f6 20. Bc3 fxe5 21. dxe5 Bc5
22. Kf1 Rf8 23. Ke1 d4 24. Bd2 Nxe5 25. a5 d3 26. c3 bxa5 27. Bf4 Ng6 28. Bxb7
Nxf4 29. Bxa8 Nxh3 30. Rb2 Bxf2+ 31. Rxf2 Nxf2 32. Kxf2 Nd4+ 33. Ke3 Nc2+ 0-1

[Event "Sparkassen-Open A"]
[Site "Heusenstamm, Martinsee"]
[Date "2017.11.25"]
[Round "5.76"]
[White "Englert, Jon"]
[Black "Mager, Thomas"]
[Result "1/2-1/2"]
[WhiteElo "2002"]
[BlackElo "1863"]
[PlyCount "59"]
[EventDate "2017.??.??"]
[WhiteTeam "TV-Großostheim"]
[BlackTeam "vereinslos"]

1. d4 f5 2. c4 Nf6 3. g3 g6 4. Bg2 Bg7 5. Nc3 O-O 6. Nh3 d6 7. d5 c6 8. Nf4 e5
9. dxe6 Na6 10. O-O Nc5 11. Qc2 Nxe6 12. Rd1 Qe7 13. Rb1 Bd7 14. Qd3 Ne8 15.
Be3 Nd8 16. Bd4 Nf6 17. Bxf6 Rxf6 18. c5 Qf8 19. Qc4+ Kh8 20. cxd6 Rxd6 21.
Rxd6 Qxd6 22. Rd1 Qe7 23. Qd3 Be8 24. e4 fxe4 25. Bxe4 Ne6 26. Nxe6 Qxe6 27. a3
Bf6 28. Qe3 Bf7 29. Kg2 Re8 30. Qf3 1/2-1/2

[Event "Sparkassen-Open A"]
[Site "Heusenstamm, Martinsee"]
[Date "2017.11.25"]
[Round "5.77"]
[White "Rutsatz, Mario"]
[Black "Mao, Yvonne"]
[Result "1-0"]
[WhiteElo "1996"]
[BlackElo "1856"]
[PlyCount "37"]
[EventDate "2017.??.??"]
[WhiteTeam "SF Frankfurt"]
[BlackTeam "SK Gernsheim"]

1. c4 e5 2. g3 f5 3. d4 exd4 4. Qxd4 Nc6 5. Qe3+ Be7 6. Bh3 d5 7. cxd5 Qxd5 8.
Qf3 Be6 9. Nc3 Qxf3 10. Nxf3 O-O-O 11. O-O Nf6 12. Ng5 Nd4 13. Nxe6 Nxe6 14.
Bxf5 Rd6 15. Bf4 Rb6 16. Be3 Rc6 17. Nb5 Kb8 18. Bxa7+ Ka8 19. Bxe6 1-0

[Event "Sparkassen-Open A"]
[Site "Heusenstamm, Martinsee"]
[Date "2017.11.25"]
[Round "5.78"]
[White "Weiland, Thomas"]
[Black "Angermünde, Dirk"]
[Result "1/2-1/2"]
[WhiteElo "1787"]
[BlackElo "1989"]
[PlyCount "90"]
[EventDate "2017.??.??"]
[WhiteTeam "SV Oberursel"]
[BlackTeam "SF Gerresheim"]

1. e4 e6 2. d4 d5 3. exd5 exd5 4. Nf3 Bd6 5. Be2 Ne7 6. c3 O-O 7. O-O c6 8. Bg5
f6 9. Bh4 Bf5 10. Nbd2 Nd7 11. Bg3 Nb6 12. Re1 Qc7 13. Bxd6 Qxd6 14. a4 a5 15.
Nh4 Bd7 16. Bd3 Rae8 17. Qh5 f5 18. Re3 g6 19. Qh6 Qf6 20. Ndf3 Qg7 21. Qxg7+
Kxg7 22. Rae1 Ng8 23. Rxe8 Rxe8 24. Rxe8 Bxe8 25. b3 Nf6 26. Ng5 Bd7 27. Ngf3
Bc8 28. Ne5 Nfd7 29. Nhf3 Kf6 30. Kf1 h6 31. Ke2 g5 32. Nxd7+ Nxd7 33. Nd2 Nb6
34. Bc2 Nd7 35. f3 Nf8 36. g3 Ne6 37. Kf2 Nc7 38. Bd3 Bd7 39. b4 axb4 40. cxb4
Ne6 41. Nb3 Bc8 42. Be2 Ke7 43. Bd3 Kf6 44. Be2 Ke7 45. Bd3 Kf6 1/2-1/2

[Event "Sparkassen-Open A"]
[Site "Heusenstamm, Martinsee"]
[Date "2017.11.25"]
[Round "5.79"]
[White "Feicht, Arno"]
[Black "Grund, Sebastian"]
[Result "0-1"]
[WhiteElo "1988"]
[BlackElo "1799"]
[PlyCount "116"]
[EventDate "2017.??.??"]
[WhiteTeam "SV Alsfeld"]
[BlackTeam "MTV Saalfeld"]

1. e4 c5 2. a3 g6 3. b4 Bg7 4. Nc3 d6 5. g3 Nf6 6. Bg2 cxb4 7. axb4 Qb6 8. Rb1
Nc6 9. Na4 Qb5 10. Nc3 Qb6 11. Nge2 Nxb4 12. O-O Qa5 13. d3 Nc6 14. d4 O-O 15.
Rb5 Qc7 16. Bg5 a6 17. Rb1 Qa5 18. Bxf6 Bxf6 19. Nd5 Bg7 20. Nb6 Rb8 21. c3 Na7
22. Qd3 Nb5 23. Nd5 e6 24. Nb4 Qc7 25. c4 Na7 26. d5 e5 27. Qb3 Bd7 28. Rfc1 f5
29. Nd3 fxe4 30. Bxe4 Bg4 31. Rb2 Bf3 32. Bxf3 Rxf3 33. Kg2 e4 34. Nef4 Bxb2
35. Qxb2 Rxd3 36. Nxd3 exd3 37. Qd4 b5 38. c5 d2 39. Qxd2 dxc5 40. d6 Qc6+ 41.
f3 Rd8 42. Rd1 Nc8 43. d7 Nb6 44. Qa2+ Nc4 45. Qe2 Kf7 46. Re1 Qxd7 47. Qe4 Re8
48. Qf4+ Kg8 49. Rxe8+ Qxe8 50. Qf6 Ne3+ 51. Kh3 c4 52. Qxa6 c3 53. Qa2+ Nc4
54. g4 h5 55. gxh5 Qe6+ 56. Kh4 Qf6+ 57. Kg3 Qg5+ 58. Kf2 Qd2+ 0-1

[Event "Sparkassen-Open A"]
[Site "Heusenstamm, Martinsee"]
[Date "2017.11.25"]
[Round "5.80"]
[White "Hagner, Bennet"]
[Black "Kolker, Vladislav"]
[Result "1/2-1/2"]
[WhiteElo "1715"]
[BlackElo "1985"]
[PlyCount "165"]
[EventDate "2017.??.??"]
[WhiteTeam "Frankfurter TV"]
[BlackTeam "SC Bad Nauheim"]

1. e4 e5 2. Nf3 Nc6 3. d4 exd4 4. Bc4 Nf6 5. O-O Nxe4 6. Re1 d5 7. Bxd5 Qxd5 8.
Nc3 Qh5 9. Nxe4 Be6 10. Bg5 Bb4 11. Nxd4 Qxd1 12. Rexd1 Nxd4 13. Rxd4 Be7 14.
Re1 b6 15. Bxe7 Kxe7 16. Ng5 Rad8 17. Rf4 Rdf8 18. Rfe4 Kd7 19. Nxe6 fxe6 20.
Rxe6 Rf7 21. R6e4 Rhf8 22. f3 Kc8 23. Kf2 Rd8 24. Re7 Rd7 25. Rxf7 Rxf7 26. Ke2
Rd7 27. Rd1 Re7+ 28. Kd2 a5 29. Re1 Rd7+ 30. Kc3 Kb7 31. a3 c6 32. b4 axb4+ 33.
axb4 Kc7 34. f4 Kd8 35. Re2 Rf7 36. Re4 Kd7 37. Kc4 g6 38. g3 Kd6 39. Re8 b5+
40. Kd4 Kd7 41. Re5 Kd6 42. c4 bxc4 43. Kxc4 Ra7 44. Re2 Ra1 45. Rd2+ Kc7 46.
Rf2 Rc1+ 47. Kd4 Rb1 48. Kc3 Rc1+ 49. Kb2 Rc4 50. Kb3 Re4 51. f5 gxf5 52. Rxf5
Kd6 53. Rf7 h5 54. Rf6+ Kd7 55. Rf4 Re5 56. Kc4 Kd6 57. Kd4 Rb5 58. Rf6+ Kd7
59. Kc4 Rd5 60. h4 Rd1 61. Rf5 Rg1 62. Rg5 Rc1+ 63. Kd4 Rb1 64. Kc5 Rc1+ 65.
Kb6 Rc3 66. Rxh5 Rxg3 67. Rh7+ Kd6 68. Rh6+ Kd7 69. h5 Rg4 70. Rxc6 Rxb4+ 71.
Kc5 Rh4 72. h6 Rh5+ 73. Kb6 Ke7 74. Kc7 Kf7 75. Kd7 Rd5+ 76. Kc8 Rh5 77. Rd6
Kg8 78. Kd7 Kh7 79. Ke7 Rxh6 80. Rd1 Rh2 81. Rg1 Re2+ 82. Kf6 Rf2+ 83. Ke5
1/2-1/2

[Event "Sparkassen-Open A"]
[Site "Heusenstamm, Martinsee"]
[Date "2017.11.25"]
[Round "5.81"]
[White "Tojcic, Josip"]
[Black "Tremöhlen, Thomas"]
[Result "0-1"]
[WhiteElo "1722"]
[BlackElo "1978"]
[PlyCount "92"]
[EventDate "2017.??.??"]
[WhiteTeam "Frankfurter TV"]
[BlackTeam "SG Kaarst"]

1. d4 Nf6 2. Nf3 g6 3. Bf4 Bg7 4. e3 d6 5. Be2 c6 6. Nbd2 Nbd7 7. h3 O-O 8. O-O
Re8 9. c4 e5 10. Bh2 e4 11. Ne1 Nf8 12. b4 d5 13. c5 h5 14. a4 N6h7 15. Rb1 f5
16. Qb3 Ne6 17. Bd6 f4 18. exf4 Nxd4 19. Qd1 Nf5 20. Qb3 Nxd6 21. cxd6 Qxd6 22.
Qg3 Rf8 23. f5 Qxg3 24. fxg3 Bxf5 25. b5 e3 26. Rxf5 Rxf5 27. Ndf3 c5 28. Bd3
Rf6 29. Ne5 Nf8 30. N1f3 Re6 31. Nc4 dxc4 32. Bxc4 Kh8 33. Bxe6 Nxe6 34. Re1
Bd4 35. Kf1 Nc7 36. Rc1 Ne8 37. Ke2 Rd8 38. a5 Kg7 39. a6 b6 40. Ng5 Rd6 41.
Rf1 Rf6 42. Nf3 Nd6 43. Rb1 Ne4 44. Rc1 Nxg3+ 45. Kd3 e2 46. Nxd4 Rd6 0-1